000 00619nam a22002057a 4500
003 OSt
008 240208b2006 |||||||| |||| 00| 0 eng d
020 _a8177581910
082 _a658.4012
_bWHE-S
100 _aWheelen, Thomas L.
245 _aConcepts in strategic management and business policy /
_cThomas L. Wheelen, and J. David Hunger and Krish Rangarajan.
250 _a9th
260 _aNew Delhi :
_bPearson Education ,
_c2006.
300 _axxiv, 334 p. ;
650 _aStrategic planning
700 _aWheelen, Thomas L.
700 _aHunger, J. David
700 _aRangarajan, Krish
942 _2ddc
_cBK
999 _c20311
_d20311